Statistics for Countries Bordering India by Area

Click here to take the quiz!

General Stats

  • This quiz has been taken 73 times
  • The average score is 6 of 7

Answer Stats

Area (km2)Border Length (km)Country% Correct
9.596.9613.380China
100%
881.9122.912Pakistan
99%
676.5781.463Myanmar
93%
147.1811.690Nepal
93%
147.5704.053Bangladesh
90%
38.394605Bhutan
84%
65.6100,1Sri Lanka
80%

Score Distribution

Percentile by Number Answered

Percent of People with Each Score

Your Score History

You have not taken this quiz